Estanquidad e impermeabilización en la edificación : prevención de defectos en muros exteriores y cerramientos /

Detalles Bibliográficos
Autor principal: Schild, Erich
Otros Autores: Oswald, Rainer, Rogier, Dietmar, Schweikert, Hans
Formato: Libro
Lenguaje:Espa�ol
Publicado: Barcelona : Editores Técnicos Asociados, 1978
Edición:1a. ed.
Etiquetas: Agregar Etiqueta
Sin Etiquetas, Sea el primero en etiquetar este registro!

MARC

LEADER 00000nam a22000007a 4500
003 AR-RoUNA
005 20190731130821.0
008 181010b xxu||||| |||| 00| 0 spa d
999 |c 8804  |d 8804 
020 |a 847146182X 
040 |a AR-RoUNA  |b spa 
041 |a spa 
044 |a ag 
100 1 |9 12071  |a Schild, Erich 
245 |a Estanquidad e impermeabilización en la edificación :  |b prevención de defectos en muros exteriores y cerramientos /  |c Erich Schild; Rainer Oswald; Dietmar Rogier; Hans Schweikert; ilustraciones Volker Schnapauff 
250 |a 1a. ed. 
260 |a Barcelona :  |b Editores Técnicos Asociados,  |c 1978 
300 |a 144 p :  |b Diagrs.  |c 29x21 cm 
505 |a MUROS DE FABRICA VISTA Y DE HORMIGON VISTO :  |t Sección regular : Estanquidad a la lluvia de la sección del muro -- Coeficiente de aislamiento térmico del muro -- Situación de la capa de aislamiento térmico en la sección -- Ejecución de muros de ladrillo visto -- Ejecución de homrmigón visto -- Impregnaciones y pinturas adicionales de protección.  |t Puntos singulares : Encuentro con zócalo y cubierta -- Cortahumedades en el asiento del muro perimetral -- Encuentro con superficies horizontales -- Cortahumedades en la zona del zócalo -- Aislamiento térmico del zócalo del muro perimetral --  
505 |a MUROS GUARNECIDOS :  |t Seccion regular :  |t Sección singulaes : 
505 |a MUROS CON REVESTIMIENTO :  |t Sección regular : Sucesión de hojas y hoja única -- Estanquidad a la lluvia de la sección del muro -- Coeficiente de aislamiento térmico del muro -- Situación de la capa aislante en la sección -- Dilataciones del revestimiento -- Ejecución del revestimiento -- Anclaje y ejecución del revestimiento -- Concepto y ejecución de la cámara de aire -- Ejecución de la sección del muro interno  |t Sección singulares : Encuentro con zócalos y cubiertas -- Capa estnca en el asiento del revestimiento -- Ecnuentro con superficies horizontales -- Capa cortahumedades en la zona de zócalo -- Aislamientlo térmico del zócalo externo 
505 |a MUROS DE REVESTIMIENTO DE DOS HOJAS 
700 1 |9 12078  |a Oswald, Rainer 
700 1 |9 12079  |a Rogier, Dietmar 
700 1 |9 12080  |a Schweikert, Hans 
908 |a Imp 
930 |e 4231 
942 |2 udc  |c LIB 
945 |a MEM